5SOS - Take My Hand (Lyrics) - Statistics

General Stats
  • This quiz has been taken 27 times
  • The average score is 275 of 333
Answer Stats
Answer % Correct
hand
100%
I
100%
in
100%
my
100%
Take
100%
A
94%
a
94%
an
94%
and
94%
And
94%
ever
94%
for
94%
forever
94%
go
94%
let
94%
look
94%
Look
94%
mirror
94%
now
94%
Now
94%
stand
94%
the
94%
Where
94%
you
94%
You
94%
can
89%
die
89%
don't
89%
Don't
89%
How
89%
how
89%
live
89%
on
89%
when
89%
23
83%
at
83%
be
83%
eyes
83%
feel
83%
Lost
83%
man,
83%
man
83%
myself
83%
painted
83%
right
83%
sidewalk
83%
silver
83%
17
78%
between
78%
ego
78%
every
78%
heart
78%
Open
78%
screen
78%
talk
78%
Young
78%
Always
72%
always
72%
bus
72%
me
72%
me,
72%
as
67%
birthday
67%
fall
67%
forgot
67%
hits
67%
I'm
67%
more
67%
shifting
67%
Shut
67%
sun
67%
to
67%
with
67%
With
67%
apart
61%
apology
61%
bleeding
61%
centerpiece
61%
few
61%
love
61%
maybe
61%
mind
61%
some
61%
souls
61%
all
56%
ashtray
56%
down
56%
filled
56%
from
56%
I'd
56%
just
56%
like
56%
Lustful
56%
of
56%
out
56%
owe
56%
peace
56%
plans
56%
someday
56%
Sunday
56%
Told
56%
treat
56%
dry
50%
make
50%
Oh
50%
Pick
50%
Sending
50%
time
50%
Well
50%
what
50%
Breaking
44%
pieces
44%
running
44%
Shallow
44%
shallow
44%
That
44%
ache
39%
alive
39%
hearts
39%
Iron
39%
it
39%
minds
39%
redefine
39%
yeah
39%
creases
33%
hang
33%
keeps
33%
night
33%
up
33%
you're
33%
again
28%
calvary
28%
losing
28%
yourself
28%
No matching quizzes found
Score Distribution
Percent of People with Each Score
Percentile by Number Answered
Your Score History
You have not taken this quiz